00522nam a22001817a 4500003000400000005001700004008004100021020001800062082001600080100002500096245008500121250001200206260004100218300001000259546001200269650003500281700002400316OSt20260216160144.0210701b ||||| |||| 00| 0 eng d a9789332577473 a571.1bM87P aMoyes, Christopher D aPrinciples of animal physiologycby Christopher D. Moyes and Patricia M. Schulte a2nd ed. aNoidabPearson India Educationc2016 a758p. aEnglish 2Physiology--Study and teaching aSchulte, Patricia M